| 000 | 00975nas a2200337 4500 | ||
|---|---|---|---|
| 001 | BR2012000639 | ||
| 003 | BR-BrBNA | ||
| 005 | 20231205120046.0 | ||
| 007 | ta | ||
| 008 | 230509b bl.|||p| |||| 00| 00por d | ||
| 040 |
_aBR-BrBNA _bpor _cBiblioteca Nacional de Agricultura |
||
| 041 | _a(Pt) | ||
| 072 | _aF30; H20 | ||
| 100 | 1 | _aSilveira, F.T. | |
| 100 | 1 | _aMoro, J.R. | |
| 100 | 1 | _aSilva, H.P. da | |
| 100 | 1 | _aOliveira, J.A. de | |
| 100 | 1 | _aPerecin, D. | |
| 245 | 1 | _aHerança da resistência ao enfezamento em milho | |
| 650 | _aMILHO | ||
| 650 | _aENFEZAMENTO | ||
| 650 | _aDOENÇA DE PLANTA | ||
| 650 | _aVÍRUS | ||
| 650 | _aVARIEDADE RESISTENTE | ||
| 650 | _aHEREDITARIEDADE | ||
| 650 | _aSELEÇÃO GENÓTIPA | ||
| 650 | _aMÉTODO ESTATÍSTICO | ||
| 773 | 0 |
_tPesquisa Agropecuária Brasileira (Brazil) _xISSN 0100-204X _g(Dec 2008), v. 43(12) p. 1717-1723 _wBR2012000639 |
|
| 909 |
_a202311 _bLúcia _c55 _dLúcia Elande |
||
| 942 |
_2AGRIS _n0 _cANA |
||
| 999 |
_c216880 _d216880 |
||